Fundamentos de aplicaciones en electromagnetismo
Saved in:
| Main Author: | |
|---|---|
| Format: | Book |
| Language: | Spanish |
| Published: |
Ciudad de México
Pearson Educación
2007
|
| Edition: | 5a. ed |
| Subjects: | |
| Tags: |
Add Tag
No Tags, Be the first to tag this record!
|
MARC
| LEADER | 00000nam a2200000 a 4500 | ||
|---|---|---|---|
| 001 | UCI4319 | ||
| 003 | CL-VaPUC | ||
| 008 | 080111e20070000MX |||||||||||||||||spa|d | ||
| 020 | |a 9789702610557 | ||
| 082 | 0 | 4 | |a 537 |b ULA |2 21 |
| 100 | 0 | |a Ulaby, Fawwaz T |e author |9 526145 | |
| 245 | 1 | 0 | |a Fundamentos de aplicaciones en electromagnetismo |
| 250 | |a 5a. ed | ||
| 300 | |a 464 p | ||
| 942 | |c BK | ||
| 945 | |d 20080111 00:00:00 |a jtorresc | ||
| 260 | |a Ciudad de México |b Pearson Educación |c 2007 | ||
| 500 | |a Incluye un Cd-rom | ||
| 650 | 0 | |a Electromagnetismo |9 260123 | |
| 583 | |a last modification |c 20080111 00:00:00 |k Rodrigo Vera | ||
| 999 | |c 328273 |d 328271 | ||
| 952 | |0 0 |1 0 |2 ddc |4 0 |6 537_000000000000000_ULA_2007 |7 0 |8 A |9 412088 |a BIBING |b BIBING |c RES |d 2019-11-22 |i 4399897 |o 537 ULA 2007 |p 4399897 |r 2025-01-20 |w 2019-11-22 |y BK |k EIE | ||
| 952 | |0 0 |1 0 |2 ddc |4 0 |6 537_000000000000000_ULA_2007 |7 0 |8 A |9 412089 |a BIBING |b BIBING |c RES |d 2019-11-22 |i 4399900 |l 1 |o 537 ULA 2007 |p 4399900 |r 2025-01-20 |s 2024-10-03 |w 2019-11-22 |y BK |k EIE | ||
| 952 | |0 0 |1 0 |2 ddc |4 0 |6 537_000000000000000_ULA_2007 |7 0 |8 A |9 412090 |a BIBING |b BIBING |c RES |d 2019-11-22 |i 4399919 |o 537 ULA 2007 |p 4399919 |r 2025-01-20 |w 2019-11-22 |y BK |k EIE | ||
| 952 | |0 0 |1 0 |2 ddc |4 0 |6 537_000000000000000_ULA_2007 |7 0 |8 A |9 412091 |a BIBING |b BIBING |c RES |d 2019-11-22 |i 4475178 |o 537 ULA 2007 |p 4475178 |r 2025-01-20 |w 2019-11-22 |y BK |k EIE | ||
| 952 | |0 0 |1 0 |2 ddc |4 0 |6 537_000000000000000_ULA_2007 |7 0 |8 A |9 412092 |a BIBING |b BIBING |c RES |d 2019-11-22 |i 4509757 |o 537 ULA 2007 |p 4509757 |r 2025-01-20 |w 2019-11-22 |y BK |k EIE | ||